| 000 | 03534cam a22007454i 4500 | ||
|---|---|---|---|
| 003 | PE-LiUPU | ||
| 005 | 20250731170453.0 | ||
| 008 | 190108s2011 sp r 001 0 spa d | ||
| 020 | _a8433024744 | ||
| 020 | _a9788433024749 | ||
| 035 | _a(Sirsi) i9788433024749 | ||
| 040 |
_aPE-LiUPU _bspa _cPE-LiUPU _dPE-LiUPU _erda |
||
| 041 | 1 |
_aspa _heng |
|
| 049 | _aPRUA | ||
| 082 | 0 | 4 |
_a158.12 _bS52 _221 |
| 100 | 1 |
_aSiegel, Ronald D., _eautor. |
|
| 245 | 1 | 3 |
_aLa solución mindfulness : _bprácticas cotidianas para problemas cotidianos / _cRonald D. Siegel. |
| 250 | _a2da edición. | ||
| 264 | 1 |
_aBilbao : _bDesclee de Brouwer, S.A., _c2011. |
|
| 300 |
_a464 páginas ; _c21 centímetros. |
||
| 336 |
_atext _2rdacontent |
||
| 337 |
_aunmediated _2rdamedia |
||
| 338 |
_avolume _2rdacarrier |
||
| 490 | 0 |
_aBiblioteca de Psicología ; _v168 |
|
| 504 | _aÍndice : páginas 459-464. | ||
| 505 | 0 | _aPor qué es importante la plena conciencia --La vida es difícil, para todo el mundo -- La plena conciencia, una solución -- Aprender a practicar la plena conciencia -- Construir una vida plenamente consciente -- Prácticas cotidianas para mentes cuerpos y relaciones especialmente difíciles -- Confraternizar con el miedo: afrontar la preocupación y la ansiedad -- Entrar en lugares oscuros: ver la tristeza y la depresión bajo una nueva luz -- Más allá de la gestión de los síntomas: transformar el dolor y los problemas médicos relacionados con el estrés -- Vivir el siniestro total: la plena conciencia para las relaciones románticas, la labor de padres y otras relaciones íntimas -- Romper con los malos hábitos: aprender a hacer buenas elecciones -- Hacernos mayores no es fácil: cambiar nuestra relación con el envejecimiento, la enfermedad y la muerte -- ¿Que viene después? La promesa de la plena conciencia -- Cuando necesitamos más ayuda: cómo encontrar un terapeuta. | |
| 526 | _aSEG68 | ||
| 526 | _aSEG70 | ||
| 526 | _aSEG69 | ||
| 526 | _aSEG67 | ||
| 526 | _aSEG43 | ||
| 526 | _aP144 | ||
| 526 | _aP143 | ||
| 526 | _aP131 | ||
| 526 | _aP122 | ||
| 526 | _aP120 | ||
| 526 | _aP117 | ||
| 526 | _aP112 | ||
| 526 | _aP110 | ||
| 526 | _aP106 | ||
| 526 | _aP101 | ||
| 526 | _aP80 | ||
| 526 | _aP59 | ||
| 526 | _aP54 | ||
| 526 | _aP35 | ||
| 526 | _aP33 | ||
| 526 | _aP30 | ||
| 534 |
_aTítulo original : _tThe mindfulness solution : everyday practices for everyday problems. |
||
| 541 | _g001-0033266; | ||
| 541 | _gF002-00000789; | ||
| 650 | 0 | 4 | _aMeditación. |
| 650 | 0 | 4 |
_aMeditación _xBudismo. |
| 650 | 0 | 4 | _aSalud mental. |
| 650 | 0 | 4 | _aTécnicas de autoayuda. |
| 650 | 0 | 4 | _aBudismo. |
| 700 | 1 |
_aMoreno Carrillo, Bernardo, _etraductor. |
|
| 910 | _agl20110907 | ||
| 910 |
_adbm _bsag _csag _d20190108 |
||
| 942 |
_2ddc _cBOOK |
||
| 949 |
_a158.12 S52 _wDEWEY _c1 _i63637 _lCCODEBUL1 _mBUL _p68.00 _r0 _sY _tBOOK _u2015-7-6 _xSALUD _PP33 _o.STAFF. Colección Ciencias de la Salud |
||
| 994 |
_aC0 _bPEPRU |
||
| 596 | _a1 | ||
| 999 |
_a158.12 S52 _wDEWEY _c52547 _i63637 _d52547 _e2018-6-14 _f2021-11-3 _g5 _lCCODEBUL1 _mBUL _n3 _p68.00 _q2 _r0 _sY _tBOOK _u2015-7-6 _xSALUD _zP33 _0COMPRA _o.STAFF. Colección Ciencias de la Salud |
||
| 999 |
_a158.12 S52 _wDEWEY _c2 _i79456 _f2021-11-3 _g3 _lCCODEBUL1 _mBUL _p55.83 _r0 _sY _tBOOK _u2019-1-8 _xSALUD _zP33 _0COMPRA _1FCOMPR2 _o.STAFF. Colección Ciencias de la Salud |
||
| 980 |
_81 _gALBERTO SANCHEZ Responsable de Automatización |
||